BASIC OF REMOTE SENSING AND GIS (Record no. 5330)

MARC details
000 -LEADER
fixed length control field 00416nam a22001697a 4500
005 - DATE AND TIME OF LATEST TRANSACTION
control field 20170329174348.0
008 - FIXED-LENGTH DATA ELEMENTS--GENERAL INFORMATION
fixed length control field 170329b xxu||||| |||| 00| 0 eng d
020 ## - INTERNATIONAL STANDARD BOOK NUMBER
ISBN 978-81-318-0544-2
041 ## - LANGUAGE CODE
Language code of text/sound track or separate title eng
082 ## - DEWEY DECIMAL CLASSIFICATION NUMBER
Classification number 624.171
100 ## - MAIN ENTRY--AUTHOR NAME
Personal name KUMAR,DR.D.S
245 ## - TITLE STATEMENT
Title BASIC OF REMOTE SENSING AND GIS
260 ## - PUBLICATION, DISTRIBUTION, ETC. (IMPRINT)
Name of publisher UNIVERSITY SCIENCE PRESS
Year of publication 2013
300 ## - PHYSICAL DESCRIPTION
Number of Pages 140
650 ## - SUBJECT ADDED ENTRY--TOPICAL TERM
Topical Term ENGINEERING
942 ## - ADDED ENTRY ELEMENTS (KOHA)
Koha item type Books
Holdings
Lost status Damaged status Home library Current library Shelving location Date acquired Source of acquisition Cost, normal purchase price Full call number Accession Number Koha item type
    JRU Library   SHELF-44-J 28/03/2017 PURCHASE 125.00 624.171 21477 Books
    JRU Library   SHELF-44-J 28/03/2017 PURCHASE 125.00 624.171 21478 Books
    JRU Library   SHELF-44-J 28/03/2017 PURCHASE 125.00 624.171 21479 Books
    JRU Library   SHELF-6-D 28/03/2017 PURCHASE 125.00 624.171 21480 Books
    JRU Library   SHELF-44-J 28/03/2017 PURCHASE 125.00 624.171 21481 Books